A commentary on the Revelation of St. John the Divine / (Record no. 2865)

MARC details
000 -LEADER
fixed length control field 00848cam a22002531 4500
001 - CONTROL NUMBER
control field 1225304
003 - CONTROL NUMBER IDENTIFIER
control field AUA.1
005 - DATE AND TIME OF LATEST TRANSACTION
control field 20160526144500.0
008 - FIXED-LENGTH DATA ELEMENTS--GENERAL INFORMATION
fixed length control field 771227s1966 nyu b 000 0 eng
010 ## - LIBRARY OF CONGRESS CONTROL NUMBER
LC control number 66020774
040 ## - CATALOGING SOURCE
Original cataloging agency DLC
Transcribing agency ICU
Modifying agency ICU
-- DLC
050 00 - LIBRARY OF CONGRESS CALL NUMBER
Classification number BS2825.3
Item number .C36 1966
082 00 - DEWEY DECIMAL CLASSIFICATION NUMBER
Classification number 228/.07/7
100 1# - MAIN ENTRY--PERSONAL NAME
Personal name Caird, G. B.
Fuller form of name (George Bradford),
Dates associated with a name 1917-
9 (RLIN) 10266
245 12 - TITLE STATEMENT
Title A commentary on the Revelation of St. John the Divine /
Statement of responsibility, etc [by] G. B. Caird.
250 ## - EDITION STATEMENT
Edition statement [1st ed.]
260 ## - PUBLICATION, DISTRIBUTION, ETC. (IMPRINT)
Place of publication, distribution, etc London :
Name of publisher, distributor, etc Adam & Charles Black,
Date of publication, distribution, etc [1966]
300 ## - PHYSICAL DESCRIPTION
Extent x, 316 p.
Dimensions 22cm.
490 0# - SERIES STATEMENT
Series statement Harper's New Testament commentaries
504 ## - BIBLIOGRAPHY, ETC. NOTE
Bibliography, etc Bibliography: p.ix-x.
630 00 - SUBJECT ADDED ENTRY--UNIFORM TITLE
Uniform title Bible.
Name of part/section of a work N.T.
-- Revelation
General subdivision Commentaries.
9 (RLIN) 10267
906 ## - LOCAL DATA ELEMENT F, LDF (RLIN)
a 7
b cbc
c orignew
d u
e ocip
f 19
g y-gencatlg
942 ## - ADDED ENTRY ELEMENTS (KOHA)
Source of classification or shelving scheme Library of Congress Classification
Koha item type Books
Classification part BS 2825.3
Item part .C36 1966
Holdings
Withdrawn status Lost status Source of classification or shelving scheme Damaged status Not for loan Collection code Home library Current library Shelving location Date acquired Source of acquisition Cost, normal purchase price Serial Enumeration / chronology Total Checkouts Total Renewals Full call number Barcode Date last seen Date checked out Cost, replacement price Price effective from Koha item type
    Library of Congress Classification     Books Judith Thomas Library Judith Thomas Library General Stacks 31/10/2011 Donation, Dr. Jan Paulsen 25.00 AUA003030 6 2 BS2825.3 .C36 1966 AUA003030 28/09/2018 14/09/2018 25.00 31/10/2011 Books